000 00496nam a2200169 4500
001 122017
003 ES-MaACL
005 20230906191906.0
007 t|
008 070214s1972 sp r ||||1| spa d
100 1 _aPost, Werner.
_993353
245 1 3 _aLa crítica de la religión en Karl Marx /
_cWerner Post ; versión de Rufino Jimeno.
260 _aBarcelona :
_bHerder,
_c1972.
300 _a333 p. ;
_c22 cm.
700 1 _aJimeno, Rufino.
_966642
852 _aES-MaACL
_jC-43750
_bR.83346
999 _c122017
_d122017